000 00523nam a22001817a 4500
999 _c190343
_d190343
005 20220722120950.0
010 _aENG-133848
020 _c150.00
_a9789387253063
035 _aEN-117380
037 _bDBAD/PUB
082 _a631.37
100 _aAli,Irshad
245 _aFarm Power Machinery And Surveying/
_cIrshad Ali
260 _aAlllahabad
_bKitab Mahal
_c2018
270 _a18-B Nyaya Marg, Ashok Nagar
_bNew Delhi
_e211001
300 _a276p.
_c21cm(hbk)
_bill.
942 _2ddc
_cEN
_h631.37
_mALI